MARC

LEADER 00000nam0a2200000 4500
001 371460
005 20231102012400.0
035 |a (RuTPU)RU\TPU\retro\28870 
090 |a 371460 
100 |a 20221020d1978 km y0rusy50 ca 
101 0 |a rus 
102 |a RU 
105 |a a g 001zy 
200 1 |a Математические модели усреднения  |e справочное пособие  |f Л. П. Шупов 
210 |a Москва  |c Недра  |d 1978 
215 |a 288 с.  |c ил. 
320 |a Библиогр.: с. 281-284 
606 1 |a Руды  |x Усреднение  |x Математическое моделирование  |2 stltpush  |3 (RuTPU)RU\TPU\subj\26162  |9 50153 
610 1 |a случайные величины 
610 1 |a законы распределения 
610 1 |a случайные процессы 
610 1 |a сыпучие продукты 
610 1 |a смеси 
610 1 |a параметры 
610 1 |a средние значения 
610 1 |a дисперсии 
610 1 |a жидкие продукты 
610 1 |a инерционные смесители 
610 1 |a выходящий продукт 
610 1 |a статистическое моделирование 
610 1 |a шихта 
610 1 |a расчет 
610 1 |a справочные пособия 
675 |a 622.795(035)  |v 4 
700 1 |a Шупов  |b Л. П.  |g Леонид Петрович 
801 1 |a RU  |b 63413507  |c 20221020 
942 |c BK